Les meilleurs généraux de guerres des siècles - Statistiques

Statistiques générales
  • Ce quiz a été pris 29 fois
    28 depuis la dernière actualisation
  • Le résultat moyen est 7 sur 48
Statistiques - réponses
Siècle Généraux de guerres Vaincu ou mort % Correct
1799 à 1815 Napoléon Bonaparte Vaincu par Wellington et Bucher
78%
- 49 à -44 Jules César Tué par Brutus
70%
1422 à 1431 Jeanne d'Arc Brûlé vive par Charles VII
57%
-336 à -323 Alexandre Le Grand La Maladie de la peste
48%
-216 à -202 Hannibal Barca Vaincu par Scipion l'Africain
39%
1933 à 1945 Adolf Hitler Vaincu par la triple entente
35%
1643 à 1715 Louis XIV / Le Roi Soleil Gangrène
30%
1189 à 1199 Richard / Coeur de Lion Tir d'arbalète
30%
1861 à 1865 Abraham Lincoln Tué par John Wilkes Booth
26%
1174 à 1185 Baudouin IV Maladie de la lèpre
26%
-27 à 14 Auguste Vieillesse
22%
768 à 814 Charlemagne Tué Bérenger Ier de Frioul
22%
-45 à 30 Cléopâtre Morsure d'un cobra
22%
54 à 68 Néron Suicide
22%
434 à 453 Attila Tué par Flavius Aetius
17%
1206 à 1227 Gengis Khan Chute de cheval
17%
161 à 180 Marc Aurèle Inconnu
17%
-443 à -429 Périclès Mort de la peste
17%
1066 à 1087 Guillaume Le Conquérant Vaincu par Harold II de Wessex
13%
-205 à -183 Scipion l'Africain Inconnu
13%
498 à 511 Clovis 1er Tué par Syagrius
9%
1099 à 1100 Godefroy de Bouillon Pomme empoisonnée
9%
1154 1174 Henri II Inconnu
9%
1519 à 1521 Hernan Cortes Inconnu
9%
1945 à 1952 Joseph Staline Tué par Armando Iannucci
9%
-489 à -480 Léonidas 1er Tué par Xerxès Ier
9%
1413 à 1421 Mehmed I Inconnu
9%
1999 à Vladimir Poutine Encore en vie
9%
717 à 741 Charles Martel Inconnu
4%
1524 à 1535 Francisco Pizzaro Tué par les partisans de Diego de Almagro
4%
1740 à 1786 Frédéric II / Frédéric de Prusse Vaincu par Charles de Rohan
4%
958 à 970 Harald / La Dent bleue Flèche dans l'oeil
4%
625 à 638 Khalid ibn al-Walid Inconnu
4%
1792 à 1794 Maximilien Robespierre Guillotiné par Pierre-Antoine Demachy
4%
1925 à 1935 Paul von Hinderburg Cancer du poumon
4%
1370 à 1405 Tamerlan Inconnu
4%
1815 à 1825 Alexandre 1er Une fièvre maligne
0%
1500 à 1501 Amerigo Vespucci Maladie du paludisme
0%
1625 à 1643 Charles Ier Exécuté à Paris
0%
310 à 337 Constantin 1er Inconnu
0%
1787 à 1791 George III Vieilesse
0%
1794 à 1797 George Washington Epiglottite
0%
1871 à 1886 Henri d'Orléans Inconnu
0%
1444 à 1481 Mehmed II Le Conquérant Inconnu
0%
1913 à 1920 Raymond Poincaré Embolie Pulmonaire
0%
1094 à 1099 Rodrigo Diaz Vivar / Le Cid Inconnu
0%
1297 à 1298 William Wallace Tué par Frank Delfino
0%
-481 à -465 Xerxès 1er Tué par Sogdianos
0%
Aucun quiz correspondant
Distribution des résultats
% des personnes avec chaque résultat
Percentile par nombre de réponses
Votre historique - résultats
Vous n’avez pas pris ce quiz depuis la dernière actualisation